Слоистый теплозащитный керамический материал HfC-ZrB[2]-SiC-ZrO[2]; Иерархические материалы: разработка и приложения для новых технологий и надежных конструкций

Detalles Bibliográficos
Parent link:Иерархические материалы: разработка и приложения для новых технологий и надежных конструкций.— 2019.— [С. 410]
Autor Corporativo: Национальный исследовательский Томский политехнический университет Инженерная школа новых производственных технологий Отделение материаловедения
Outros autores: Мировой Ю. А. Юрий Александрович, Бурлаченко А. Г., Буякова С. П. Светлана Петровна, Дедова Е. С. Елена Сергеевна, Кульков С. Н. Сергей Николаевич
Summary:Заглавие с экрана
Режим доступа: по договору с организацией-держателем ресурса
Idioma:ruso
Publicado: 2019
Series:Научные основы разработки материалов с многоуровневой иерархической структурой, в том числе для экстремальных условий эксплуатации: - материалы для авиакосмической и транспортной промышленности; - материалы для ядерной энергетики; - материалы для работы в условиях арктического климата; - материалы для медицины
Subjects:
Acceso en liña:https://elibrary.ru/item.asp?id=41207147
Formato: MixedMaterials Electrónico Capítulo de libro
KOHA link:https://koha.lib.tpu.ru/cgi-bin/koha/opac-detail.pl?biblionumber=661112

MARC

LEADER 00000nla2a2200000 4500
001 661112
005 20241121063151.0
035 |a (RuTPU)RU\TPU\network\31346 
035 |a RU\TPU\network\31343 
090 |a 661112 
100 |a 20191120a2019 k y0rusy50 ca 
101 0 |a rus 
102 |a RU 
105 |a y z 100zy 
135 |a drgn ---uucaa 
181 0 |a i  
182 0 |a b 
200 1 |a Слоистый теплозащитный керамический материал HfC-ZrB[2]-SiC-ZrO[2]  |f Ю. А. Мировой [и др.] 
203 |a Текст  |c электронный 
225 1 |a Научные основы разработки материалов с многоуровневой иерархической структурой, в том числе для экстремальных условий эксплуатации: - материалы для авиакосмической и транспортной промышленности; - материалы для ядерной энергетики; - материалы для работы в условиях арктического климата; - материалы для медицины 
300 |a Заглавие с экрана 
333 |a Режим доступа: по договору с организацией-держателем ресурса 
463 0 |0 (RuTPU)RU\TPU\network\31158  |t Иерархические материалы: разработка и приложения для новых технологий и надежных конструкций  |o международный междисциплинарный симпозиум, 1-5 октября 2019 г., Томск, Россия  |o тезисы докладов International Workshop "Multiscale Biomechanics and Tribology of Inorganic and Organic Systems"  |o тезисы докладов международной конференции "Перспективные материалы с иерархической структурой для новых технологий и надежных конструкций"  |o тезисы докладов международной конференции "Химия нефти и газа: добыча, подготовка, транспорт нефти и газа"  |f Российская академия наук (РАН), Сибирское отделение (СО), Институт физики прочности и материаловедения (ИФПМ) ; Институт химии нефти (ИХН)  |v [С. 410]  |d 2019 
610 1 |a электронный ресурс 
610 1 |a труды учёных ТПУ 
610 1 |a слоистые материалы 
610 1 |a теплозащитные материалы 
610 1 |a керамические материалы 
610 1 |a материаловедение 
610 1 |a дефекты 
610 1 |a самовосстановление 
610 1 |a высокотеплопроводные материалы 
610 1 |a покрытия 
701 1 |a Мировой  |b Ю. А.  |c специалист в области материаловедения  |c ассистент кафедры Томского политехнического университета  |f 1992-  |g Юрий Александрович  |3 (RuTPU)RU\TPU\pers\39958 
701 1 |a Бурлаченко  |b А. Г. 
701 1 |a Буякова  |b С. П.  |g Светлана Петровна  |c специалист в области материаловедения  |c профессор Томского политехнического университета, доктор технических наук  |f 1968-  |y Томск  |3 (RuTPU)RU\TPU\pers\28995  |9 13716 
701 1 |a Дедова  |b Е. С.  |c специалист в области материаловедения  |c ассистент кафедры Томского политехнического университета  |f 1987-  |g Елена Сергеевна  |3 (RuTPU)RU\TPU\pers\32944 
701 1 |a Кульков  |b С. Н.  |c специалист в области материаловедения  |c профессор Томского политехнического университета, доктор физико-математических наук  |f 1952-  |g Сергей Николаевич  |3 (RuTPU)RU\TPU\pers\28994 
712 0 2 |a Национальный исследовательский Томский политехнический университет  |b Инженерная школа новых производственных технологий  |b Отделение материаловедения  |3 (RuTPU)RU\TPU\col\23508 
801 2 |a RU  |b 63413507  |c 20191126  |g RCR 
856 4 |u https://elibrary.ru/item.asp?id=41207147 
942 |c CF